000 00527nam a2200229Ia 4500
003 OSt
005 20220924142727.0
006 a|||||r|||| 00| 0
007 ta
008 ASM
024 _a303075
037 _cTextual
040 _aARTS
_cARTS
_bASM
041 _2ASM
_aASM
082 _aY15, 158N7
100 _aBaruah Raju
_9213947
245 0 _aNari andolan samata samadhikar
260 _c1997
650 _aSOCIOLOGY
942 _hY15, 158N7
_cTEXL
_2CC
999 _c451738
_d451738